LEADER 01637nam a2200325 u 4500 001 000000004833 003 CaOOAMICUS 005 20070226104708.0 008 940514s1898 au u000 u lat u 035 $a10127923 040 $aODaU$bita$dNIC$dCStRLIN$dNNUT$dPUL(R) 082 $a281.1082 100 0 $aPhilastrius,$cs., vesc. di Brescia,$dsec. IV.$0(OLS)http://pul/name/3987 240 10$aLiber de haeresibus$9(Philastrius, s., vesc. di Brescia, sec. IV).$0(OLS)http://pul/title/6984 245 10$aSancti Filastrii episcopi Brixiensis Diversarum hereseon liber /$crecensuit Fridericus Marx. 260 $aVindobonae :$bF. Tempsky ;$aLipsiae :$bG. Freytag,$c1898. 300 $axli, 274 p. ;$c23 cm 490 1 $aCorpus scriptorum ecclesiasticorum Latinorum ;$v38 500 $aIncludes indexes. 650 0$aHeresies, Christian$yEarly church, ca. 30-600.$2//eng$0(OLS)http://pul/subject/4219 700 1 $aMarx, Friedrich,$d1859-1941.$0(OLS)http://pul/name/5007 830 0$aCorpus scriptorum ecclesiasticorum Latinorum ;$v38.$0(OLS)http://pul/title/1658 850 $aPUL 852 $aPUL$W1$xDP1 Antico 800$y27$m2004$j1449$nBK-PRI$b $qStampati Antico$B6739$CPULBib$Z2$F6739 $H $81 900 $aFilastrio,$cs., vesc. di Brescia,$dsec. IV$93987 941 1 $a15 996 $6082$a281.1082$9(OLS)http://pul/classification/60 996 $6245$aSancti Filastrii episcopi Brixiensis Diversarum hereseon liber$9(OLS)http://pul/title/6985 996 $6260$aVindobonae :$bF. Tempsky$9(OLS)http://pul/publisher/48559 996 $6260$aLipsiae :$bG. Freytag$9(OLS)http://pul/publisher/48635 LEADER 02187nam a2200397 u 4500 001 000000008110 003 CaOOAMICUS 005 20070226105046.0 008 941110m19261927fr u000 u fre u 035 $a10209615 040 $aPUL$bita 041 1 $afre$alat 100 1 $aGui, Bernard,$cvesc. di Lodève,$dc. 1261-1331.$0(OLS)http://pul/name/8096 245 10$aManuel de l'inquisiteur /$cédité et traduit par G. Mollat avec la collaboration de G. Drioux. 260 $aParis :$bH. Champion,$c1926-1927. 300 $a2 v.; ;$c19 cm 490 1 $aLes classiques de l'histoire de France au Moyen Age ;$v8-9 500 $aRiproduce il testo latino, corredato da versione francese a fronte, della parte quinta e di altri estratti dell'opera, già edita da C. Douais (1886). 504 $aBibliographie v. 1. p. lxvi-lxvii 600 14$aGui, Bernard,$cvesc. di Lodève,$dc. 1261-1331.$0(OLS)http://pul/subject/7044 650 4$aEresie ed eretici.$0(OLS)http://pul/subject/770 650 4$aManichei.$0(OLS)http://pul/subject/769 650 4$aValdesi.$0(OLS)http://pul/subject/7045 650 4$aInquisizione.$0(OLS)http://pul/subject/7046 830 4$aLes classiques de l'histoire de France au Moyen Age ;$v8-9.$0(OLS)http://pul/title/11829 850 $aPUL 852 $aPUL$W1$xDP1 Fondo Maccarrone$y58$m1502 C 39-40$j11475$nBK-PRI$b $qFondi$B11475$CPULBib$Z2$F11475 $H $81 852 $aPUL$W1$xDP1 Fondo Maccarrone$y58$m1502 C 39-40$j11475$nBK-PRI$b $qFondi$B11476$CPULBib$Z2$F11476 $H $81 852 $aPUL$W1$xDP1 Filosofia 1$y19$m612 C 34$j127242$av. 1, c. 2$qStampati$B125947$CPULBib$Z2$F125947 $H22123 $82 852 $aPUL$W1$xDP1 Filosofia 1$y19$m612 C 35$j127243$av. 2, c. 2$qStampati$B125948$CPULBib$Z2$F125948 $H22124 $82 941 1 $a1 941 1 $a8 961 $aINV: 00677-678 -- Fondo Mons. M. Maccarrone 961 $aINV: 00677-678 -- Fondo Mons. M. Maccarrone 996 $6245$aManuel de l'inquisiteur$9(OLS)http://pul/title/11828 996 $6260$aParis :$bH. Champion$9(OLS)http://pul/publisher/50984